000 01956nam a2200481 c 4500
001 24570
003 ES-MaCES
005 20191213040009.0
008 120716s2012 sp o000 | spa d
017 _aM 21779-2012
_bDL
020 _a9788484174295
024 7 _a270-12-051-0
_2nipo
035 _aCES20120005016m
040 _aES-MaCES
_bspa
_cES-MaCES
100 1 _aSuso Araico, Anabel
_924593
245 1 0 _aEstudio sobre el potencial de crecimiento del "empleo blanco"
_b: oportunidades y obstáculos
_cestudio elaborado por Red2Red Consultores ; Anabel Suso Araico, Inés González de Chávez de Armas, David Palero del Olmo
260 _aMadrid
_bMinisterio de Empleo y Seguridad Social, Subdirección General de Información Administrativa y Publicaciones
_c[2012]
300 _a144 p.
_c22 cm
490 1 _aColección Informes y estudios. Serie Empleo
_v47
504 _aBibliografía: p. 135-141
541 _cGratuito
650 4 _aempleo
_928299
650 4 _aoportunidades de empleo
_927182
650 4 _aasistencia a las personas de edad avanzada
_927061
650 4 _acuidado a las personas con discapacidad
_927063
650 4 _aoferta de cuidados de salud
_930680
650 4 _aatención a domicilio
_930678
650 4 _acuidado no profesional
_930651
650 4 _aenvejecimiento de la población
_930614
650 4 _acambio social
_927286
650 4 _aEspaña
_926964
650 4 _aEuropa
_926940
653 1 0 _aEmpleo
650 4 _929242
_acreación de empleos
700 1 _aGonzález del Chávez de Armas, Inés
_913785
700 1 _aPalero del Olmo, David
_920273
710 2 _aEspaña
_bMinisterio de Empleo y Seguridad Social
_eed.
_93243
710 2 _aRed2Red Consultores
_94876
830 0 _aColección Informes y estudios (España. Ministerio de Empleo y Seguridad Social)
_pSerie Empleo
_v47
_934659
902 _aLIB Libro
942 _2CES
_cBK
_h2.1.
999 _c24570
_d24570